Statistics for Bundesliga Clubs 2019-20

Click here to take the quiz!

General Stats

  • This quiz has been taken 320 times
  • The average score is 14 of 18

Answer Stats

HintsClubs% Correct
2Bayern Munich
100%
4Borussia Dortmund
99%
15Schalke 04
88%
5Borussia Monchengladbach
84%
13RB Leipzig
84%
17Werder Bremen
83%
18Wolfsburg
83%
7FC Koln
82%
3Bayer Leverkusen
81%
16Union Berlin
79%
1Augsburg
76%
6Eintracht Frankfurt
76%
10Hertha Berlin
75%
9Freiburg
71%
11Hoffenheim
71%
12Mainz
67%
8Fortuna Dusseldorf
62%
14SC Paderborn
59%

Score Distribution

Percentile by Number Answered

Percent of People with Each Score

Your Score History

You have not taken this quiz